[Event "Campeonato Estadual Absoluto Std RJ 202"]
[Site "TTC Sala de Xadrez Ed Leonard"]
[Date "2025.11.22"]
[Round "3.10"]
[White "Maia, Erick De Figueiredo"]
[Black "Andriska, Matheus Jose Amante"]
[Result "1-0"]
[WhiteElo "1841"]
[BlackElo "1534"]
[PlyCount "85"]
[EventDate "2025.11.20"]
[EventRounds "6"]
[EventCountry "BRA"]

1. e4 e5 2. Nf3 Nf6 3. Nc3 Nc6 4. Bc4 Nxe4 5. Bxf7+ Kxf7 6. Nxe4 h6 7. d4 ({RR} 7. Nxe5+ Nxe5 8. Qh5+ Kg8 9. Qxe5 d5 10. Ng3 c6 11. O-O Bd6 12. Qh5 Qf6 13. c3 Kh7 14. d4 Rf8 15. f4 g6 16. Qe2 Bd7 17. Bd2 Kg8 18. Qd3 Rae8 19. Rf2 Rf7 20. Raf1 c5 21. f5 Bxg3 {Puric,N (2223)-Milekic,D (2236) Banja Vrucica 2013 ½-½ (38)}) ({RR} 7. O-O d5 8. Ng3 Bd6 9. d4 e4 10. Ne5+ Bxe5 11. dxe5 Nxe5 12. Bf4 Nc6 13. c4 Be6 14. cxd5 Bxd5 15. Qh5+ g6 16. Qe2 Ne7 17. Nxe4 Bxe4 18. Qxe4 c6 19. Rad1 Qc8 20. Rfe1 Re8 21. Bxh6 Nf5 {Carnicelli,V (2396)-Hariharan,S (1936) chess.com INT 2025 1-0}) 7... exd4 8. Nxd4 Nxd4 9. Qxd4 Be7 $146 ({RR} 9... d5 10. O-O Be7 11. Nc3 c6 12. Bf4 Bf6 13. Be5 Bxe5 14. Qxe5 Qf6 15. Qc7+ Qe7 16. Qxe7+ Kxe7 17. Rae1+ Kf7 18. Re5 Re8 19. Rfe1 Bd7 20. f4 Rxe5 21. Rxe5 Re8 22. Rxe8 Kxe8 23. Ne2 Ke7 24. c3 {Lindner,M (2052)-Mar,K (1898) Rogla 2002 0-1 (57)}) ({RR} 9... d5 10. Nc3 c6 11. O-O Qf6 12. Qxf6+ Kxf6 13. Re1 Bb4 14. Re3 Bf5 15. Rf3 Kg6 16. a3 Bd6 17. Re3 Rhe8 18. Rxe8 Rxe8 19. Be3 Bxc2 20. Bxa7 Be5 21. Re1 Kf7 22. Re2 d4 23. f4 dxc3 24. bxc3 {Ekker,M (976)-Ekker,J (1281) Borne 2019 0-1}) ({RR} 9... Qe8 10. O-O Be7 11. Qc4+ Kf8 12. Qxc7 Qg6 13. Qf4+ Kg8 14. Qf3 d5 15. Nc3 Kh7 16. Nxd5 Bd6 17. Ne3 Bb8 18. Rd1 a6 19. b3 Ba7 20. Rd2 Re8 21. Bb2 Qe6 22. Re2 Bxe3 23. Qxe3 Qxe3 24. Rxe3 {Kuhn,S-Lopis,D Australia 1995 1-0 (33)}) 10. Qd5+ Ke8 11. O-O Rf8 12. Re1 Rf7 13. Bd2 d6 14. Bc3 Kf8 15. Rad1 Rf5 16. Qd3 Kg8 17. Ng3 Rf7 18. Qg6 Qf8 19. Rd3 Bf6 20. Rf3 Kh8 21. Bxf6 gxf6 22. Re4 Bd7 23. Rh4 Rh7 24. Qxf6+ Qxf6 25. Rxf6 Kg7 26. Nh5+ Kg8 27. Re4 Bc6 28. Rg4+ Kh8 29. Nf4 Re8 30. h4 Rg8 31. Ng6+ Kg7 32. Rff4 Re8 33. Nf8+ Kh8 34. Nxh7 Kxh7 35. Rf7+ Kh8 36. Rxc7 Re1+ 37. Kh2 Re2 38. Kg3 Rxc2 39. Rg6 Rxb2 40. Rxd6 Re2 41. Rd8+ Re8 42. Rxe8+ Bxe8 43. Rc8 1-0

[Event "Campeonato Estadual Absoluto Std RJ 202"]
[Site "TTC Sala de Xadrez Ed Leonard"]
[Date "2025.11.22"]
[Round "3.12"]
[White "Campos, Rafael De Lima"]
[Black "Laborao, Samuel Eduardo Ferr"]
[Result "1-0"]
[WhiteElo "1801"]
[BlackElo "1506"]
[PlyCount "135"]
[EventDate "2025.11.20"]
[EventRounds "6"]
[EventCountry "BRA"]

1. e4 c5 2. c3 d5 3. exd5 Qxd5 4. Nf3 Nc6 5. Be2 Bg4 6. O-O e6 7. d4 Rd8 8. Qa4 cxd4 9. Nxd4 Bxe2 10. Nxe2 Nf6 $146 ({RR} 10... Bd6 11. Nd4 Qh5 12. h3 Nge7 13. Nd2 O-O 14. Ne4 Nxd4 15. cxd4 Nc6 16. Nxd6 Rxd6 17. Be3 Qd5 18. Rfd1 f5 19. Bf4 Rd7 20. Be5 f4 21. Rac1 Qe4 22. Re1 Qg6 23. Qc4 f3 24. g3 Rd5 25. Re3 {Algaba,S (1990)-Drean,P (1730) Fouesnant 2003 ½-½}) 11. Nd2 Bc5 12. Nf3 O-O 13. Bg5 Be7 14. Rad1 Qc5 15. Be3 Qa5 16. Qxa5 Nxa5 17. Bxa7 Nc6 18. Bb6 Rxd1 19. Rxd1 Nd5 20. Bd4 Rd8 21. Be5 f6 22. Bg3 e5 23. c4 Ndb4 24. Rxd8+ Nxd8 25. Nc3 Ne6 26. a3 Nd3 27. Nd5 Kf7 28. b4 Bd8 29. Kf1 b6 30. Ke2 Nb2 31. Nd2 Nd4+ 32. Kf1 Ke6 33. f4 b5 34. Ne3 exf4 35. Bxf4 g5 36. Bb8 f5 37. cxb5 Nxb5 38. Ndc4 Nxc4 39. Nxc4 Kd5 40. Ne3+ Ke4 41. Nc2 Kd3 42. Ne1+ Kc3 43. a4 Nc7 44. b5 Kb4 45. Nf3 Kxa4 46. Nxg5 Bxg5 47. Bxc7 Kxb5 48. Kf2 Kc5 49. Kf3 Kd5 50. Bf4 h6 51. g3 Bxf4 52. Kxf4 Ke6 53. Kf3 Ke5 54. Ke3 Ke6 55. Kd4 Kd6 56. h3 h5 57. Ke3 Ke7 58. Kf4 Kf6 59. h4 Kg6 60. Ke5 Kh6 61. Kxf5 Kg7 62. Kg5 Kh7 63. Kxh5 Kg7 64. Kg5 Kh7 65. Kf5 Kh6 66. g4 Kh7 67. Kf6 Kg8 68. g5 1-0

[Event "Campeonato Estadual Absoluto Std RJ 202"]
[Site "TTC Sala de Xadrez Ed Leonard"]
[Date "2025.11.22"]
[Round "4.1"]
[White "Rangel, Daniel"]
[Black "Guimaraes, Wagner Peixoto"]
[Result "1-0"]
[WhiteElo "2283"]
[BlackElo "2093"]
[PlyCount "75"]
[EventDate "2025.11.20"]
[EventRounds "6"]
[EventCountry "BRA"]

1. c4 Nf6 2. g3 e6 3. Bg2 d5 4. Nf3 dxc4 5. Qa4+ Nbd7 6. Qxc4 a6 7. Qc2 c5 8. O-O Be7 9. Rd1 O-O 10. d4 Qb6 11. Nc3 cxd4 12. Nxd4 Qc5 $146 ({RR} 12... Ne5 13. Bf4 Nc6 14. Nxc6 bxc6 15. Be3 Qc7 16. Na4 Bb7 17. Bb6 Qe5 18. Nc5 Bxc5 19. Bxc5 Rfd8 20. e4 a5 21. f4 Qc7 22. Qf2 Rxd1+ 23. Rxd1 Rd8 24. Rc1 Nd7 25. Be7 Rc8 26. Rd1 c5 27. Bd6 {Aaditya,D (2042)-Sahil,T (2201) Chess.com INT 2022 1-0 (38)}) ({RR} 12... Nc5 13. Rb1 a5 14. e4 e5 15. Nf5 Bxf5 16. exf5 Rfd8 17. Be3 Qb4 18. Nd5 Nxd5 19. Bxd5 e4 20. f6 gxf6 21. Qe2 Nd3 22. Qg4+ Kh8 23. Bxe4 Ne5 24. Qf5 Ng6 25. h4 Rxd1+ 26. Rxd1 Qxb2 27. h5 {Zubarev,A (2372)-Dobrowolski,A (2219) Wroclaw 2022 1-0 (32)}) ({RR} 12... Ne5 13. Bf4 Nc6 14. Nxc6 bxc6 15. Be3 Qc7 16. Na4 Bb7 17. Bb6 Qe5 18. Nc5 Bxc5 19. Bxc5 Rfd8 20. e4 a5 21. f4 Qc7 22. Qf2 Rxd1+ 23. Rxd1 Rd8 24. Rc1 Nd7 25. Be7 Rc8 26. Rd1 c5 27. Bd6 {Aaditya,D (2042)-Sahil,T (2201) Chess.com INT 2022 1-0 (38)}) 13. h3 Ne5 14. Nb3 Qc7 15. Bf4 Nh5 16. Be3 Bd7 17. Bd4 Ng6 18. Rac1 Bc6 19. e4 Bg5 20. f4 Bh6 21. Bf2 e5 22. Nd5 Qb8 23. Qe2 Bxd5 24. exd5 Nhxf4 25. gxf4 Nxf4 26. Qf3 f5 27. Rc2 e4 28. Qc3 Nxg2 29. Kxg2 f4 30. d6 e3 31. Qc4+ Kh8 32. Bh4 f3+ 33. Kh1 Qe8 34. d7 e2 35. dxe8=Q exd1=Q+ 36. Qe1 Rad8 37. Qxd1 Rxd1+ 38. Kh2 1-0

[Event "Campeonato Estadual Absoluto Std RJ 202"]
[Site "TTC Sala de Xadrez Ed Leonard"]
[Date "2025.11.22"]
[Round "4.2"]
[White "Roland, Marcos Maldonado"]
[Black "Frolov, Ivan"]
[Result "0-1"]
[WhiteElo "2089"]
[BlackElo "2029"]
[PlyCount "101"]
[EventDate "2025.11.20"]
[EventRounds "6"]
[EventCountry "BRA"]

1. d4 Nf6 2. Bg5 d5 3. Bxf6 exf6 4. g3 Bd6 5. Bg2 c6 6. e3 Bf5 ({RR} 6... O-O 7. Ne2 Nd7 8. O-O f5 9. Nd2 Nf6 10. c4 Be6 11. Qc2 Re8 12. Rab1 a5 13. c5 Bc7 14. a3 h5 15. b4 axb4 16. axb4 Bd7 17. b5 h4 18. Nf3 hxg3 19. hxg3 Ne4 20. bxc6 bxc6 21. Rb7 {Rytenko,V (2362)-Zhao,J (2619) Chess.com INT 2022 0-1 (33)}) ({RR} 6... O-O 7. Ne2 Na6 8. O-O Nc7 9. Nd2 Re8 10. b3 Bg4 11. Re1 Nb5 12. Nf3 Bb4 13. Rf1 Nc3 14. Nxc3 Bxc3 15. Rb1 Re7 16. b4 Qd6 17. a3 a5 18. b5 a4 19. Qd3 Qxa3 20. Ra1 Qb4 21. Rfb1 {Lizarazo Camelo,S (1486)-Bulelani,S (1843) Barranquilla COL 2025 0-1 (57)}) 7. Ne2 Nd7 8. O-O g6 $146 ({RR} 8... Nb6 9. Nd2 Qe7 10. b3 h5 11. a4 a5 12. c4 Bb4 13. cxd5 Bxd2 14. Qxd2 Nxd5 15. Nc3 Nxc3 16. Qxc3 O-O 17. Rac1 g6 18. Qc5 Qxc5 19. Rxc5 Rfd8 20. Rfc1 Be6 21. Rb1 Kf8 22. b4 axb4 23. Rxb4 {Minenko,A-Kinoshenko,K (1824) Kharkov 2008 0-1 (69)}) ({RR} 8... O-O 9. Nd2 Re8 10. c4 dxc4 11. Nxc4 Nb6 12. Na5 Qd7 13. a3 Rab8 14. Nc3 Bh3 15. Re1 Bxg2 16. Kxg2 Bc7 17. Nb3 Nd5 18. Nc5 Qd8 19. Rc1 Bb6 20. N3a4 Bxc5 21. Nxc5 f5 22. Qf3 g6 23. h4 {Monus,Z (2175)-Konya,L Nyiregyhaza 1998 0-1 (48)}) ({RR} 8... O-O 9. b3 Nb6 10. Nd2 Rc8 11. a3 Qe7 12. c4 dxc4 13. bxc4 c5 14. Qb3 cxd4 15. Nxd4 Be6 16. Nxe6 fxe6 17. Rfc1 Rfd8 18. Ne4 Be5 19. Rab1 f5 20. c5 Nd5 21. Nd6 Bxd6 22. Bxd5 exd5 23. Qxd5+ {Demuth,A (2011)-Dubessay,B (1945) Agneaux 2004 ½-½ (34)}) 9. c4 Be4 10. cxd5 cxd5 11. Nec3 Bxg2 12. Kxg2 Nb6 13. Qf3 Be7 14. Nd2 O-O 15. h4 h5 16. Rfd1 f5 17. a4 a5 18. Nb3 Bb4 19. Nc5 Bxc3 20. bxc3 Qc7 21. Rdb1 Qc6 22. Qe2 Nd7 23. Nxd7 Qxd7 24. Qb5 Qe6 25. Qd3 b6 26. Rb5 Rfc8 27. Rab1 Rc6 28. R1b3 Rac8 29. Qb1 Rxc3 30. Rxc3 Rxc3 31. Rxb6 Rc6 32. Rxc6 Qxc6 33. Qb5 Qe6 34. Qxa5 Qe4+ 35. Kh2 Qc2 36. Qa8+ Kg7 37. Qxd5 Qxf2+ 38. Kh3 Qf1+ 39. Qg2 Qa1 40. d5 Qxa4 41. Qd2 Qd7 42. Qd4+ f6 43. Kg2 Kf7 44. Kf3 Ke7 45. Qc5+ Qd6 46. Qxd6+ Kxd6 47. e4 Ke5 48. exf5 Kxf5 49. g4+ hxg4+ 50. Kg3 Ke5 51. Kxg4 0-1

[Event "Campeonato Estadual Absoluto Std RJ 202"]
[Site "TTC Sala de Xadrez Ed Leonard"]
[Date "2025.11.22"]
[Round "4.3"]
[White "Lopes, Eduardo Moraes"]
[Black "Yunes, David Teles"]
[Result "1/2-1/2"]
[WhiteElo "1912"]
[BlackElo "1990"]
[PlyCount "77"]
[EventDate "2025.11.20"]
[EventRounds "6"]
[EventCountry "BRA"]

1. e4 e6 2. d4 d5 3. e5 c5 4. c3 Nc6 5. Nf3 Nge7 6. Na3 a6 7. Nc2 b5 ({RR} 7... Ng6 8. h4 Be7 9. h5 Nf8 10. dxc5 Nd7 11. h6 g6 12. Bf4 g5 13. Bg3 g4 14. Nfd4 Ncxe5 15. b4 Bf6 16. Be2 Rg8 17. Ne3 Bg5 18. Qc2 Qf6 19. Nxg4 Nxg4 20. Bxg4 Rg6 21. Kf1 Ne5 22. Bxe5 {Zhigalko,S (2572)-Goryachkina,A (2610) Chess.com INT 2022 ½-½ (56)}) ({RR} 7... Nf5 8. Bd3 h6 9. O-O Bd7 10. g3 g5 11. Kg2 cxd4 12. Ncxd4 Ncxd4 13. Nxd4 Nxd4 14. cxd4 Qb6 15. Be3 Be7 16. Qf3 h5 17. b4 g4 18. Qf4 Bc6 19. a3 Kd7 20. f3 Rag8 21. fxg4 Rxg4 22. Qxf7 {Dias,S (2105)-Garcia,A (1989) chess.com INT 2025 1-0}) 8. Bd3 Nf5 9. O-O $146 ({RR} 9. Bd2 c4 10. Be2 a5 11. b3 Ba6 12. Ne3 Nh4 13. Nxh4 Qxh4 14. a4 b4 15. bxc4 dxc4 16. Bxc4 Bxc4 17. Nxc4 bxc3 18. Bxc3 Qe4+ 19. Ne3 Bb4 20. Bxb4 axb4 21. O-O Nxd4 22. a5 O-O 23. Ra4 Rfd8 {Hangyal,A (1853)-Harutyunyan,G (1565) Prague CZE 2024 ½-½ (71)}) ({RR} 9. Bd2 c4 10. Be2 a5 11. b3 Ba6 12. Ne3 Nh4 13. Nxh4 Qxh4 14. a4 b4 15. bxc4 dxc4 16. Bxc4 Bxc4 17. Nxc4 bxc3 18. Bxc3 Qe4+ 19. Ne3 Bb4 20. Bxb4 axb4 21. O-O Nxd4 22. a5 O-O 23. Ra4 Rfd8 {Hangyal,A (1853)-Harutyunyan,G (1565) Prague CZE 2024 ½-½ (71)}) 9... c4 10. Be2 Be7 11. g4 Nh6 12. Nfe1 Ng8 13. f4 f5 14. Kh1 fxg4 15. Bxg4 Nh6 16. Bh3 g6 17. Nf3 Nf5 18. Ne3 Nxe3 19. Bxe3 O-O 20. Ng5 Bxg5 21. fxg5 Ne7 22. Rf6 Nf5 23. Bxf5 Rxf6 24. gxf6 exf5 25. Bg5 Kf7 26. Qf3 Be6 27. Qh3 h5 28. Qg3 a5 29. Bh6 f4 30. Qxf4 Qd7 31. a3 Bf5 32. Re1 Be4+ 33. Kg1 Qg4+ 34. Qxg4 hxg4 35. Bg5 Re8 36. Bf4 a4 37. Kf2 Bf5 38. Bg3 Re6 39. Ke3 1/2-1/2

[Event "Campeonato Estadual Absoluto Std RJ 202"]
[Site "TTC Sala de Xadrez Ed Leonard"]
[Date "2025.11.22"]
[Round "4.4"]
[White "Santos Filho, Tadeu Sousa"]
[Black "Maia, Erick De Figueiredo"]
[Result "1/2-1/2"]
[WhiteElo "2016"]
[BlackElo "1841"]
[PlyCount "99"]
[EventDate "2025.11.20"]
[EventRounds "6"]
[EventCountry "BRA"]

1. e4 c5 2. Nf3 e6 3. d3 Nc6 4. g3 d5 5. Nbd2 e5 ({RR} 5... b6 6. c3 Nf6 7. Qa4 Bb7 8. Bg2 a6 9. O-O b5 10. Qc2 Be7 11. Re1 O-O 12. e5 Nd7 13. Nf1 d4 14. h4 Rc8 15. N1h2 Nb6 16. h5 c4 17. dxc4 Nxc4 18. Rd1 Qb6 19. Ng4 dxc3 20. bxc3 {Brenjo,S (2464)-Malakhatko,V (2513) Herceg Novi 2001 1-0 (41)}) 6. exd5 Qxd5 7. Bg2 Be6 $146 ({RR} 7... Nf6 8. O-O Bg4 9. Re1 Be7 10. h3 Bxf3 11. Bxf3 Qd7 12. Bg2 O-O 13. Nc4 e4 14. dxe4 Qe6 15. Nd2 Rad8 16. c3 Rd7 17. Qe2 Ne5 18. Nb3 b6 19. Bg5 h6 20. Bxf6 Bxf6 21. Red1 Rfd8 22. Rxd7 {Skrle,V (1830)-Volcik,M (1670) Ostrava 2014 1-0 (37)}) ({RR} 7... Nf6 8. O-O Qd8 9. Re1 Bd6 10. Nc4 Bg4 11. h3 Bxf3 12. Qxf3 Nd4 13. Qd1 Qc7 14. Bxb7 Rb8 15. Bg2 O-O 16. c3 Ne6 17. Qe2 Nd7 18. Qe4 Rfe8 19. Qc6 Bf8 20. Qd5 Nd8 21. Bg5 Rc8 22. Bxd8 {Mutafoglu,S (1482)-Paksoy,B Gaziantep TUR 2024 1-0 (62)}) ({RR} 7... Nf6 8. O-O Be7 9. Re1 Qe6 10. Nc4 Nd7 11. Nfxe5 Ncxe5 12. Nxe5 Nxe5 13. f4 Bd6 14. fxe5 Bxe5 15. Bf4 O-O 16. Bxe5 Qb6 17. Kh1 Be6 18. Qh5 h6 19. Bc3 Rad8 20. Qe5 {1-0 (20) Milanovic,M (1443)-Anand,B (1708) Batumi 2016}) 8. O-O Qd7 9. Ng5 Bd5 10. Nde4 Be7 11. c4 Bxe4 12. Nxe4 Nf6 13. Be3 Nxe4 14. Bxe4 O-O 15. a3 f5 16. Bd5+ Kh8 17. f4 exf4 18. gxf4 Rf6 19. Rf3 Bd6 20. Qa4 Ne5 21. Qxd7 Nxd7 22. Bxb7 Rb8 23. Bc6 Rg6+ 24. Rg3 Nf6 25. b4 Ng4 26. Bd2 Be7 27. Re1 Bh4 28. Bd5 Bxg3 29. hxg3 Nf6 30. Kf2 Nxd5 31. cxd5 cxb4 32. Bxb4 Kg8 33. d6 Rxb4 34. axb4 Rxd6 35. Re7 Rxd3 36. Rxa7 Rb3 37. Rb7 h6 38. Kg2 g5 39. Kf2 gxf4 40. gxf4 h5 41. b5 h4 42. b6 h3 43. Rb8+ Kg7 44. b7 Rb2+ 45. Kg1 Rg2+ 46. Kh1 Rb2 47. Kg1 Rg2+ 48. Kf1 Rb2 49. Kg1 Rg2+ 50. Kh1 1/2-1/2

[Event "Campeonato Estadual Absoluto Std RJ 202"]
[Site "TTC Sala de Xadrez Ed Leonard"]
[Date "2025.11.22"]
[Round "4.5"]
[White "Brito, Vicente De Paulo Al"]
[Black "De Miranda, Eduardo Rodrigues C"]
[Result "0-1"]
[WhiteElo "1860"]
[BlackElo "1918"]
[PlyCount "91"]
[EventDate "2025.11.20"]
[EventRounds "6"]
[EventCountry "BRA"]

1. d4 d5 2. Nc3 Nf6 3. Bf4 c5 4. e4 cxd4 5. Qxd4 Nc6 6. Bb5 e6 7. exd5 exd5 8. O-O-O a6 9. Bxc6+ bxc6 10. Nf3 Be7 11. Rhe1 O-O 12. Ne5 Bb7 13. Nd3 $146 ({RR} 13. Na4 Re8 14. f3 Qa5 15. Nd3 Nd7 16. Bd2 Qb5 17. Nc3 Qb6 18. Qxb6 Nxb6 19. Be3 Nd7 20. Na4 a5 21. Bc5 Bf6 22. Bd6 Ba6 23. Nac5 Nxc5 24. Nxc5 Be2 25. Rd2 Bb5 26. Rxe8+ Rxe8 27. Kd1 a4 {Niemann,H (2642)-Garriga Cazorla,P (2472) Chess.com INT 2022 1-0 (72)}) ({RR} 13. Na4 Re8 14. f3 Qa5 15. Nd3 Nd7 16. Bd2 Qb5 17. Nc3 Qb6 18. Qxb6 Nxb6 19. Be3 Nd7 20. Na4 a5 21. Bc5 Bf6 22. Bd6 Ba6 23. Nac5 Nxc5 24. Nxc5 Be2 25. Rd2 Bb5 26. Rxe8+ Rxe8 27. Kd1 a4 {Niemann,H (2642)-Garriga Cazorla,P (2472) Chess.com INT 2022 1-0 (72)}) 13... Re8 14. Nc5 Bc8 15. f3 a5 16. N3a4 Nh5 17. Be5 f6 18. Bg3 Nxg3 19. hxg3 Rb8 20. Rh1 Bf5 21. g4 Rb4 22. Qf2 Bg6 23. b3 Bd6 24. Nd3 Bxd3 25. Rxd3 Bf4+ 26. Kd1 Qd6 27. Re1 Rbb8 28. Nc3 Qa3 29. Ne2 Bd6 30. Re3 Qb2 31. Rxe8+ Rxe8 32. Nc1 Rd8 33. Qe2 Qd4+ 34. Nd3 h6 35. Qe6+ Kh8 36. Qf5 Bb4 37. Re2 Qa1+ 38. Nc1 Ba3 39. Qf4 d4 40. Rf2 d3 41. c4 d2 42. Rxd2 Qxc1+ 43. Ke2 Qxd2+ 44. Qxd2 Rxd2+ 45. Kxd2 Kg8 46. Ke2 0-1

[Event "Campeonato Estadual Absoluto Std RJ 202"]
[Site "TTC Sala de Xadrez Ed Leonard"]
[Date "2025.11.22"]
[Round "4.6"]
[White "Mesquita, Arnaldo Leite"]
[Black "Reimberg, Arthur Bernardo"]
[Result "0-1"]
[WhiteElo "1756"]
[BlackElo "1905"]
[PlyCount "90"]
[EventDate "2025.11.20"]
[EventRounds "6"]
[EventCountry "BRA"]

1. d4 d5 2. c4 e6 3. Nc3 Nf6 4. Nf3 c5 5. e3 b6 6. cxd5 Nxd5 7. Bb5+ Bd7 8. Bxd7+ Qxd7 9. Ne5 Qb7 $146 ({RR} 9... Nxc3 10. bxc3 Qc7 11. Qf3 Bd6 12. Qxa8 Bxe5 13. dxe5 Qxe5 14. Bb2 Qc7 15. O-O O-O 16. Qe4 c4 17. a4 a6 18. Rfd1 Nd7 19. Ba3 Rd8 20. Bd6 Qc8 21. Bg3 h6 22. h3 b5 23. axb5 Nf6 24. Rxd8+ {Januseviciute,D (1435)-Remeika,V (1163) Klaipeda 2022 1-0 (33)}) ({RR} 9... Qd6 10. O-O Nd7 11. Nxd7 Qxd7 12. Re1 Be7 13. e4 cxd4 14. Qxd4 {0-1 (14) Fiesco Hoyos,J-Bonvini,A Cali 2011}) ({RR} 9... Nxc3 10. bxc3 Qc7 11. Qf3 Bd6 12. Qxa8 Bxe5 13. dxe5 Qxe5 14. Bb2 Qc7 15. O-O O-O 16. Qe4 c4 17. a4 a6 18. Rfd1 Nd7 19. Ba3 Rd8 20. Bd6 Qc8 21. Bg3 h6 22. h3 b5 23. axb5 Nf6 24. Rxd8+ {Januseviciute,D (1435)-Remeika,V (1163) Klaipeda 2022 1-0 (33)}) 10. Qa4+ Nd7 11. Qxd7+ Qxd7 12. Nxd7 Kxd7 13. Nxd5 exd5 14. Ke2 Be7 15. Bd2 Bf6 16. Bc3 Rhe8 17. Kd3 c4+ 18. Kd2 a5 19. a4 Re6 20. h4 h5 21. g3 Be7 22. f3 Bd6 23. f4 Rg6 24. Rhg1 Re8 25. Rae1 Rg4 26. Ke2 Ke6 27. Kf3 Kf5 28. Re2 Re6 29. Rge1 Be7 30. e4+ Rxe4 31. Rxe4 dxe4+ 32. Kf2 Rg6 33. Rd1 Rd6 34. Ke3 Rd5 35. Rg1 Bd8 36. b3 cxb3 37. Rb1 b5 38. Rxb3 b4 39. Bd2 Bf6 40. Bxb4 Bxd4+ 41. Ke2 axb4 42. Rxb4 Kg4 43. Rb3 f5 44. Ra3 Bb6 45. Rb3 Ba5 0-1

[Event "Campeonato Estadual Absoluto Std RJ 202"]
[Site "TTC Sala de Xadrez Ed Leonard"]
[Date "2025.11.22"]
[Round "4.7"]
[White "Morais, Wagner Soares De"]
[Black "Manzi, Luiz Antonio Bardar"]
[Result "1/2-1/2"]
[WhiteElo "1884"]
[BlackElo "2058"]
[PlyCount "55"]
[EventDate "2025.11.20"]
[EventRounds "6"]
[EventCountry "BRA"]

1. c4 Nf6 2. Nf3 g6 3. g3 Bg7 4. Bg2 O-O 5. O-O d6 6. d4 Nbd7 7. Nc3 c6 8. e4 e5 9. d5 c5 10. a3 ({RR} 10. Bg5 h6 11. Bd2 Ne8 12. Qc2 f5 13. Nh4 Qf6 14. exf5 gxf5 15. Ne2 Rf7 16. f4 e4 17. Bc3 Qe7 18. Rae1 Nf8 19. Bh3 Bd7 20. Kh1 Bxc3 21. Nxc3 Qf6 22. Qe2 Ng7 23. Ng2 h5 24. Ne3 Nh7 {Frosch,E (2300)-Rolletschek,H (2375) Austria 1993 0-1 (58)}) 10... Ne8 ({RR} 10... Nb6 11. Qe2 Bd7 12. Be3 a5 13. Rab1 a4 14. b4 axb3 15. Rxb3 Ba4 16. Rb2 Qc7 17. Rfb1 Nfd7 18. Bh3 Rfb8 19. Ng5 Nc8 20. Be6 fxe6 21. Nxe6 Qa5 22. Bd2 Qa7 23. Nc7 b6 24. Nxa8 Rxa8 25. h4 {Simoni,M (2012)-Predan,L (1902) Forni di Sopra ITA 2025 1-0 (70)}) 11. Bh3 $146 ({RR} 11. Bg5 f6 12. Be3 Rf7 13. Nh4 Nf8 14. Qd2 g5 15. Nf5 Ng6 16. Qe2 Bd7 17. Qh5 Qc8 18. g4 Kh8 19. Ne2 Bf8 20. Qh3 Ng7 21. Nh6 Re7 22. Ng3 Nf4 23. Bxf4 gxf4 24. Ngf5 Nxf5 25. Nxf5 Bxf5 {Domrath,M (1716)-Mohr,J (1853) Germany 2004 0-1 (48)}) ({RR} 11. Ne1 f5 12. f3 f4 13. gxf4 exf4 14. Nd3 g5 15. Bd2 Ne5 16. Nxe5 Bxe5 17. Rb1 Qf6 18. Kf2 Qh6 19. Be1 Bd4+ 20. Ke2 Qxh2 21. Bd2 Qxg2+ 22. Kd3 Kh8 23. Ne2 Nf6 24. Nxd4 cxd4 25. Kxd4 Nh5 {Petkov,M-Gurvich,V Porto Carras 2010 1-0 (48)}) ({RR} 11. Rb1 f5 12. exf5 gxf5 13. Ng5 Ndf6 14. Qc2 Nc7 15. b4 h6 16. Nf3 b6 17. bxc5 bxc5 18. Nh4 Nh7 19. Bh3 Qf6 20. Bd2 Ng5 21. Bg2 Ba6 22. Ne2 Rab8 23. Rxb8 Rxb8 24. Ba5 Ne8 25. Nxf5 Bc8 {Rossetto,H (2405)-Scalise,L Buenos Aires 1978 1-0 (39)}) 11... Nc7 12. b4 b6 13. Bd2 h6 14. Nh4 Kh7 15. Rb1 Qe7 16. Qe2 Ba6 17. Rfc1 Rab8 18. b5 Bc8 19. a4 Ne8 20. Ra1 Ndf6 21. Bxc8 Rxc8 22. a5 Nd7 23. axb6 axb6 24. Ra7 Rc7 25. Rxc7 Nxc7 26. Ra1 Ra8 27. Qd1 Qd8 28. Kg2 1/2-1/2

[Event "Campeonato Estadual Absoluto Std RJ 202"]
[Site "TTC Sala de Xadrez Ed Leonard"]
[Date "2025.11.22"]
[Round "4.8"]
[White "Zacarias, Rodrigo Medeiros"]
[Black "Pedro, Arthur Ventura Tome"]
[Result "1-0"]
[WhiteElo "2041"]
[BlackElo "1615"]
[PlyCount "41"]
[EventDate "2025.11.20"]
[EventRounds "6"]
[EventCountry "BRA"]

1. e4 {Ribli,Zoltan} c5 2. Nf3 e6 3. d4 cxd4 4. Nxd4 Nc6 5. Nc3 Qc7 6. Be3 a6 7. Bd3 Nf6 8. O-O Ne5 9. f4 Nxd3 ({RR} 9... Neg4 10. Bd2 ({RR} 10. Bc1 Bc5 11. Nce2 ({RR} 11. Be2 h5 12. Bxg4 Nxg4 13. h3 e5 14. Nd5 Qd6 15. c3 exd4 16. cxd4 Ba7 17. hxg4 hxg4 18. Be3 f5 19. Rc1 g3 20. Qf3 Rh1+) 11... e5 12. h3 exd4 13. hxg4 Nxg4 14. Ng3 d6 15. Qf3 Qe7 16. Nh5 g6 17. Ng7+ Kf8 18. f5 Qh4) ({RR} 10. Qf3 Nxe3 11. Qxe3 Bc5 12. Kh1 e5 13. fxe5 Qxe5 14. Nf3 Qxh2+ 15. Nxh2 Bxe3 16. e5 Nh5 17. Rf3 Bh6 18. Nd5 O-O 19. g4) 10... Bc5 11. Nce2 d6 ({RR} 11... e5 12. fxe5 Qxe5 ({RR} 12... Nxe5) 13. Bf4 Bxd4+ 14. Kh1 Qc5 15. Nxd4 Qxd4 16. e5 Nf2+ ({RR} 16... Nxe5 17. Bxe5 Qxe5 18. Re1 d6 19. Rxe5+ dxe5 20. Qe2) 17. Rxf2 Qxf2 18. exf6 Qxf4 ({RR} 18... gxf6 19. Qg4) ({RR} 18... d5 19. fxg7 Rg8 20. Qe1+ Qxe1+ 21. Rxe1+ Be6 22. Bh6) 19. Qe1+ Kd8 20. Qa5+ Qc7 21. fxg7) 12. h3 e5 ({RR} 12... Bxd4+ 13. Nxd4 e5) 13. c3 ({RR} 13. Kh1 exd4 14. hxg4 Bxg4 15. Qe1 Bb6 16. Ng1 O-O-O 17. Nf3 Rde8 18. c3 dxc3 19. Rc1 Kb8 20. Rxc3 Qd8) 13... Ba7 ({RR} 13... exd4 14. cxd4 Ba7 15. Rc1 ({RR} 15. hxg4 Bxg4 {RR} 16. Bc3 d5) 15... Qe7 16. Qc2 O-O 17. hxg4 Re8) 14. hxg4 Bxg4 ({RR} 14... exd4 15. Nxd4 Bxg4 16. Qc2) 15. Be3 exd4 16. Bxd4 ({RR} 16. cxd4 d5 ({RR} 16... Nxe4 17. Bxe4 Qe7)) 16... O-O ({RR} 16... Bxd4+ 17. cxd4 Bxe2 ({RR} 17... Qb6) 18. Qxe2 Qb6 19. Kh1 Qxd4 20. e5 dxe5 21. fxe5 Qh4+ 22. Kg1 Ng4) 17. Bxa7 Rxa7 18. Qd2 Re8 ({RR} 18... Bxe2 19. Qxe2 Re8) 19. Ng3 Qc5+ 20. Qf2 b6 ({RR} 20... Qxf2+ 21. Kxf2) 21. Qd4 Bc8 ({RR} 21... Qxd4+ 22. cxd4) 22. Rfe1 Rae7 23. Re2 g6 24. Rae1 {Movsesian,S (2666)-Milos,G (2633) Shenyang 2000 CBM 079 [Ribli,Zoltan] 1-0 (39)}) ({RR} 9... Neg4 10. Bd2 Bc5 11. Nce2 e5 12. fxe5 Qxe5 13. Bf4 Bxd4+ 14. Kh1 Qc5 15. Nxd4 Qxd4 16. e5 Nf2+ 17. Rxf2 Qxf2 18. exf6 Qxf4 19. Qe1+ Kd8 20. Qa5+ Qc7 21. fxg7 Qxa5 22. gxh8=Q+ Kc7 23. Qxh7 Qd5 24. Rf1 {Monpeurt,C (2140)-Robledo,C (2206) chess.com INT 2024 1-0 (41)}) 10. cxd3 Bb4 $146 ({RR} 10... d6 11. Qf3 Be7 12. Rac1 Qa5 13. g4 h5 14. g5 Ng4 15. Nb3 Qd8 16. Bd2 Qb6+ 17. Kg2 a5 18. h3 a4 19. Na1 Qxb2 20. Rc2 Qb6 21. Rb1 Qd8 22. Nb5 Kf8 23. hxg4 hxg4 24. Qxg4 Bd7 25. Nd4 {Bibilashvili,A (1867)-Mustafina,S (1931) Penza 2008 1-0 (50)}) ({RR} 10... d5 11. Rc1 Qa5 12. Nb3 Qd8 13. Bd4 dxe4 14. dxe4 Be7 15. Qf3 Bd7 16. e5 Bc6 17. Qg3 Nh5 18. Qe3 g6 19. Bb6 Qb8 20. Na5 Ng7 21. Nxc6 bxc6 22. Ne4 Nf5 23. Qf2 h5 24. Bc5 O-O 25. Bxe7 {Ruiz Castillo,J (2409)-Valle,E (2229) Ibague 2013 1-0 (39)}) ({RR} 10... d6 11. Rc1 Qd8 12. Kh1 e5 13. fxe5 dxe5 14. Nf3 Bd6 15. Bg5 h6 16. Bh4 g5 17. Nxg5 hxg5 18. Bxg5 Be7 19. Bxf6 Bxf6 20. Nd5 Bg7 21. Nc7+ Kf8 22. Nxa8 Bd7 23. Qf3 f5 24. Nc7 f4 25. g3 {Vartazarian,G (1620)-Sova,Z (1747) Klatovy 2016 1-0 (31)}) 11. Rc1 Bxc3 12. Rxc3 Qb8 13. Qe2 O-O 14. g4 g6 15. Nb3 b5 16. Bd4 Ne8 17. Qf2 Ng7 18. Qh4 h5 19. Qf6 e5 20. Bxe5 Qa7+ 21. Kh1 1-0